00338nam a2200121Ia 450000500170000000800410001702000200005808200180007810000380009624500340013426000390016830000090020720241212111800.0231221s9999 xx 000 0 und d a 9783931936990  a749 KRI;1 R aKries, Mateo. Eisenbrand, Jochen. 4aThe Atlas of furniture design c2021bVitra Design MuseumaGermany a1028